00543nam a2200193 a 4500001001300000003000900013005001700022008004100039020002300080082001300103100002000116245007100136260004300207300000900250500003500259505001000294650002500304700002000329nice12345678IN_TiNIC20260116013036.0050524s1995 lona grp 000 0 eng  a0006792 c19500a291bGRI aGriffiths, Bede aUniversal Wisdomb Journey Through the Sacred Wisdom of the World. aLondon bCollins Religious Pub. c1995 a559p aincludes index and biblioraphy2 aNotes aComparative Religion1 aGriffiths, Bede